[Event "World Team-ch 2017"]
[Site "Khanty-Mansyisk"]
[Date "2017.06.26"]
[Round "9"]
[White "Fawzy, Adham"]
[Black "Areshchenko, Alexander"]
[Result "1-0"]
[WhiteElo "2418"]
[BlackElo "2652"]
[Annotator "TA"]
[PlyCount "103"]
[EventDate "2017.??.??"]
[EventType "team-tourn"]
[EventCountry "RUS"]
[SourceTitle "playchess.com"]
[Source "ChessBase"]
[SourceQuality "1"]
[WhiteTeam "EGY"]
[BlackTeam "UKR"]
[WhiteTeamCountry "EGY"]
[BlackTeamCountry "UKR"]

{[%evp 27,103,24,22,15,21,19,34,0,29,17,45,44,61,69,58,48,47,36,49,9,0,0,74,64,64,66,66,64,69,62,75,63,58,68,112,120,112,91,110,41,54,91,240,135,155,0,236,243,243,243,382,387,709,598,29991,1268,1268,1262,1248,1243,1146,971,1178,1160,1222,1150,1247,1705,1096,1100,3561,3083,3044,2684,4686,3022,29986,29986]} 1. e4 c5 2. Nf3 d6 3. d4 cxd4 4. Nxd4 Nf6 5. Nc3 a6 6. Be3 e5 7. Nb3 Be6 8. f3 h5 9. Qd2 Nbd7 10. Nd5 {B90: Sicilian Najdorf: Unusual White 6th moves, 6 Be3 Ng4 and 6 Be3 e5} Bxd5 11. exd5 g6 12. Be2 Bg7 13. O-O b6 14. a4 (14. c4 O-O 15. h3 Nh7 16. g4 hxg4 17. hxg4 Bf6 {½-½ (49) So,W (2815)-Giri,A (2785) chess.com INT 2017}) 14... O-O {LiveBook: 3 Games} 15. c3 Re8 16. h3 Qc7 17. Nc1 $146 Qb7 18. Rd1 e4 19. f4 $1 Nc5 20. b4 Nd3 $1 21. Nxd3 exd3 22. Bf3 ({Not} 22. Qxd3 $2 Qe7 $19) 22... Rac8 23. Bd4 Ne4 24. Qxd3 f5 (24... Bxd4+ $1 $11 25. Qxd4 Ng3) 25. c4 $36 {[%mdl 2048] White has good play.} a5 26. Rab1 $1 {And now bxa5 would win.} axb4 27. Rxb4 {a5 is the strong threat.} Nc5 28. Bxc5 Rxc5 29. Rdb1 Qc7 30. Kh1 Bh6 31. g3 {[%cal Bg2g3,Bg3h4,Bh4h5][%mdl 32]} h4 32. gxh4 {aiming for Rg1.} Bxf4 33. Rg1 (33. h5 $16) 33... Qf7 34. Rxb6 Kh7 {[#]} (34... Kh8 $16 35. h5 g5) 35. Bh5 ({White should play} 35. h5 $1 $18 {[%cal Rh5g6]} g5 (35... gxh5 36. Rb7) 36. Bg4) 35... Rg8 $16 {[#]} ({Inferior is} 35... gxh5 36. Rb7 $1 {[%mdl 512]} Rc7 37. Rxc7 Re7 38. Rxe7 Qxe7 39. Qxf5+ Kh8 40. Qxh5+ Bh6 41. Qxh6+ Qh7 42. Qf8+ Qg8 43. Qxg8#) 36. Bf3 (36. Be2 $1 $16) 36... Re8 $1 $18 {[#]} 37. h5 $1 {[%cal Rh5g6]} g5 {[#]} (37... gxh5 38. Rb7) 38. Bg4 $1 {[%cal Rg4f5]} Kh6 (38... Rf8 $142 39. Rgb1 Qf6 40. Rb7+ Kh8) 39. Bxf5 Re3 $2 (39... Rf8) 40. Qd4 {Intending Qh8+ and mate.} Qf8 {intending ...Rxc4.} 41. Rb8 (41. Rb7 $142 Rxh3+ 42. Bxh3 Bh2 43. Bf5 Rc7 44. Rxc7 g4 45. Rxg4 Qxf5 46. Qh8+ Qh7 47. Rxh7#) 41... Rxc4 42. Qxe3 {White wants to mate with Qe6+.} (42. Qxc4 $2 {too greedy.} Qxf5 43. Rh8+ Kg7 $19) 42... Qxf5 43. Qe6+ Qxe6 44. dxe6 {[%cal Bd5e6,Be6e7][%mdl 4128] Endgame KRR-KRB} Re4 45. Re8 Re2 46. Rb1 Be5 47. e7 Bf6 48. Rf1 Bd4 49. Rd1 Bg7 50. Rxd6+ Kxh5 51. Rd7 Kh4 52. Rc8 {Precision: White = 69%, Black = 20%.} 1-0